01768nam a2200313 i 4500003000500000005001700005008004100022020001800063040002500081050001000106082001900116100002800135245010000163246003900263250001900302264006900321300002500390336002100415337002500436338002300461504005100484505066100535650003001196650002001226650002301246942004201269952012601311999001701437CSPC20250822132541.0250820r20222010ii b 001 0 eng d a9789350143124 cCSPCaCSPCbengerda00aTJ80804a333.79bSi641n1 aSingal, R.K., eauthor.10aNon-conventional energy resources :b(alternative energy sources and systems) / cR.K. Singal.  0aNon-conventional energy resources. aThird edition. 1aNew Delhi, India : bS.K. Kataria & Sons, c2010 ; Reprint 2022. a394 pages ;c24 cm.  2rdacontentatext 2rdamediaaunmediated 2rdacarrieravolume aIncludes bibliographical references and index. aPart I: Current energy systems -- Energy utilization -- Energy resources -- Energy conversion technologies -- Part II: Renewable energy systems -- Wind energy -- Small hydro power plants -- Biomass and bioenergy -- Geothermal energy -- Solar thermal energy -- Ocean thermal energy -- Wave and tidal wave energy -- Part III: Direct energy conversion systems -- Solar cells -- MHD power generation -- Thermoelectric power generation -- Thermionic power generation -- Part IV: future energy sources -- Nuclear fusion energy -- Hydrogen energy -- Exploring new energy sources -- Part V: Allied energy systems -- Energy resource conservation -- Energy storage.  0aRenewable energy sources. 0aEnergy storage. 4aEnergy conversion. 2ddcn0cBKh333.79iSi641nkENGm2010 00102ddc4070aCSPCbCSPCcENGd2025-08-20l0oENG 333.79 Si641n 2010p030040r2025-08-20 17:01:33t1-1w2025-08-20yBK c30148d30148